| 000 | 00994nam a22002537a 4500 | ||
|---|---|---|---|
| 999 |
_c65300 _d65300 |
||
| 005 | 20240530110817.0 | ||
| 008 | 190703s2019 ua g b 000 0 ara d | ||
| 017 |
_a9872 _bمصر. دار الكتب |
||
| 020 | _a9773274640 | ||
| 040 |
_aEG-CaGPL _cEG-CaGPL |
||
| 082 | 0 | 4 |
_221 _a907/ _bم ى |
| 100 | 0 | _aمحمد عبدالواحد حجازى | |
| 245 | 1 | 2 |
_aاليهود يزيفون تاريخ العالم / _cمحمد عبدالواحد حجازى |
| 260 |
_aالاسكندرية : _bدار الوفاء لدنيا الطباعة و النشر، _c2019. |
||
| 300 |
_a410 ص. ؛ _c24 سم. |
||
| 504 | _aيشتمل على ارجاعات ببليوجرافية و فهرس | ||
| 650 | 0 | 7 |
_2qrmak _aالتأريخ |
| 650 | 0 | 7 |
_2qrmak _aالتاريخ _xمصادر |
| 650 | 0 | 7 |
_2qrmak _aالتاريخ _xتزيف |
| 653 | 0 | _aتاريخ العالم - تزيف | |
| 653 | 0 | _aاليهود - تزيف التاريخ | |
| 942 |
_2ddc _cBK |
||